000
00317nam a22001337a 4500
020
_a
0826453929
082
_a
808.02WHI
100
_a
WHITE, B
245
_a
Desertation skills
260
_a
New york
_b
Continuum london
_c
2000
300
_a
168p.
_b
ill;21cm
500
_a
includes, index and bibliography
942
_c
BK
999
_c
20185
_d
20185